|
|
|
|
| LEADER |
00000nam0a2200000 4500 |
| 001 |
1537 |
| 005 |
20231101204207.0 |
| 010 |
|
|
|a 5250025226
|
| 035 |
|
|
|a (RuTPU)RU\TPU\book\1545
|
| 035 |
|
|
|a BOOK00001547
|
| 090 |
|
|
|a 1537
|
| 100 |
|
|
|a 20011209d1995 km y0rusy50 ca
|
| 101 |
1 |
|
|a rus
|c ger
|
| 102 |
|
|
|a RU
|
| 105 |
|
|
|a a z 000zb
|
| 200 |
1 |
|
|a Художник и фантазирование
|e пер. с нем.
|f З. Фрейд
|
| 210 |
|
|
|a Москва
|c Республика
|d 1995
|
| 215 |
|
|
|a 400 с.
|c ил.
|
| 225 |
1 |
|
|a Прошлое и настоящее
|
| 600 |
|
1 |
|a Фрейд
|g Зигмунд
|b З.
|f 1856 - 1939
|c австрийский врач-психиатр
|c психолог
|c основатель психоанализа
|2 stltpui
|3 (RuTPU)RU\TPU\pers\479
|
| 606 |
|
|
|a Психоанализ
|x Психология
|2 stltpush
|3 (RuTPU)RU\TPU\subj\53114
|9 71464
|
| 610 |
1 |
|
|a психология
|
| 610 |
1 |
|
|a художественное творчество
|
| 686 |
|
|
|a Ю932
|v LBC/SL-A
|2 rubbk
|
| 700 |
|
1 |
|a Фрейд
|b З.
|c австрийский врач-психиатр
|c психолог
|c основатель психоанализа
|f 1856 - 1939
|g Зигмунд
|2 stltpui
|3 (RuTPU)RU\TPU\pers\479
|9 231
|
| 801 |
|
0 |
|a RU
|b 63413507
|c 20011209
|g PSBO
|
| 801 |
|
2 |
|a RU
|b 63413507
|c 20191003
|g PSBO
|
| 900 |
|
|
|a Психология
|
| 942 |
|
|
|c BK
|